Benoy Kumar Sarkar : (Record no. 450077)
[ view plain ]
| 000 -LEADER | |
|---|---|
| fixed length control field | 00883nam#a2200289#a#4500 |
| 001 - CONTROL NUMBER | |
| control field | vtls000532824 |
| 003 - CONTROL NUMBER IDENTIFIER | |
| control field | NLI |
| 005 - DATE AND TIME OF LATEST TRANSACTION | |
| control field | 20210603142309.0 |
| 008 - FIXED-LENGTH DATA ELEMENTS--GENERAL INFORMATION | |
| fixed length control field | 110308s1953 ii 000 0beng |
| 039 #9 - LEVEL OF BIBLIOGRAPHIC CONTROL AND CODING DETAIL [OBSOLETE] | |
| -- | 201103081828 |
| -- | Datasoft |
| 040 0# - CATALOGING SOURCE | |
| Original cataloging agency | NLI |
| Language of cataloging | eng |
| Transcribing agency | Retro_DSC 1 |
| Description conventions | AACR2 |
| 041 0# - LANGUAGE CODE | |
| Language code of text/sound track or separate title | eng |
| 044 ## - COUNTRY OF PUBLISHING/PRODUCING ENTITY CODE | |
| MARC country code | ii |
| 082 04 - DEWEY DECIMAL CLASSIFICATION NUMBER | |
| Classification number | 92 |
| 100 1# - MAIN ENTRY--PERSONAL NAME | |
| Personal name | Mukherjee, Haridas |
| 9 (RLIN) | 257065 |
| 245 10 - TITLE STATEMENT | |
| Title | Benoy Kumar Sarkar : |
| Remainder of title | a study / |
| Statement of responsibility, etc. | by Haridas Mukherjee ; with a foreword by Radha Kumud Mookerji |
| 260 ## - PUBLICATION, DISTRIBUTION, ETC. | |
| Place of publication, distribution, etc. | Calcutta : |
| Name of publisher, distributor, etc. | Das Gupta, |
| Date of publication, distribution, etc. | 1953 |
| 300 ## - PHYSICAL DESCRIPTION | |
| Extent | xiii, 76 p. ; |
| Dimensions | 18 cm. |
| 500 ## - GENERAL NOTE | |
| General note | Library has 2 cops. |
| 600 10 - SUBJECT ADDED ENTRY--PERSONAL NAME | |
| Personal name | Sarkar, Benoy Kumar, |
| Dates associated with a name | 1887-1949 |
| 9 (RLIN) | 241497 |
| 650 #0 - SUBJECT ADDED ENTRY--TOPICAL TERM | |
| Topical term or geographic name entry element | Scientists |
| Geographic subdivision | India |
| Form subdivision | Biography |
| 9 (RLIN) | 332160 |
| 650 #0 - SUBJECT ADDED ENTRY--TOPICAL TERM | |
| Topical term or geographic name entry element | Nationalists |
| Geographic subdivision | India |
| Form subdivision | Biography |
| 9 (RLIN) | 1520 |
| 887 ## - NON-MARC INFORMATION FIELD | |
| Content of non-MARC field | |
| 901 ## - LOCAL DATA ELEMENT A, LDA (RLIN) | |
| a | G23236 |
| b | 29.11.1972 |
| 9 | c.2 |
| 902 ## - LOCAL DATA ELEMENT B, LDB (RLIN) | |
| a | E 92 Sa 73 mh |
| 942 ## - ADDED ENTRY ELEMENTS (KOHA) | |
| Source of classification or shelving scheme | Dewey Decimal Classification |
| Koha item type | Books |
| Withdrawn status | Lost status | Damaged status | Not for loan | Collection code | Home library | Current library | Shelving location | Date acquired | Total Checkouts | Full call number | Date last seen | Price effective from | Koha item type |
|---|---|---|---|---|---|---|---|---|---|---|---|---|---|
| New English | National Library of India | National Library of India | New English - Main Stack Division | E 92 Sa 73 mh | 03/06/2021 | 03/06/2021 | Books |
